Kpop Demon Hunters - Briller - Paroles - Statistiques

Statistiques générales
  • Ce quiz a été pris 142 fois
  • Le résultat moyen est 46 sur 71
Statistiques - réponses
Paroles % Correct
Dans le {silence}
95%
Depuis l'{enfance}
94%
Je me {cache}
90%
Je m'{efface}
88%
Mise en {lumière}
87%
Comment me {faire}
86%
Dis-moi qui je {suis}
83%
Je veux {briller}
83%
Cette {place}
82%
J'ai besoin de trouver ma {place}
82%
Moi qui suis {née}
82%
Regarde-moi bien en {face}
82%
C'est notre {moment}
80%
On est venues là pour {briller}
80%
A travers la {nuit}
79%
On {vise} le top, top, top
79%
Et aujourd'{hui}
78%
Je fais trop de {bruit}
78%
J'en ai {assez}
78%
Oh oh {oh}
78%
Rien ne pourra nous {arrêter}
78%
On est venues là pour {briller}
77%
Oh, oh, {oh}
76%
Top, top, top, on va de l'{avant}
76%
On a traversé tant d'{épreuves}
75%
A travers la {nuit}
72%
On veut {briller}
72%
Mais j'ai pas peur de mon {audace}
71%
J'connais les {conflits}
69%
Entre deux {vies}
67%
Face à l'{ennemi}
64%
Nous, les {guerrières}
64%
Pour que l'on me {voie}
64%
Loin des {secrets}
63%
C'est notre {moment}
62%
Et nos voix {puissantes}
62%
On {vise} le top, top, top
62%
Oh, oh, {oh}
61%
Oh, oh, {oh}
61%
On est venues là pour {briller}
61%
On est venues là pour {briller}
60%
Rien ne pourra nous {arrêter}
60%
Je veux {briller}
59%
On veut {briller}
59%
Top, top, top, on va de l'{avant}
59%
A travers la {nuit}
57%
A travers la {nuit}
57%
Mais j'en ai {assez}
55%
Nous, les {guerrières}
55%
Telle est ma {vie}
55%
Ensemble on peut se {dépasser}
54%
Les erreurs et n'être que {moi}
54%
Loin des {secrets}
54%
Car les {guerrières} sont là
53%
Et nos voix {puissantes}
52%
Face à l'{ennemi}
50%
On est là pour {briller}
50%
Par le {passé}
50%
Si je pouvais {effacer} enfin
50%
Ensemble pour la {vie}
49%
Oui, bien trop de {fois}
49%
J'ai caché ces {marques} loin
48%
Ensemble on peut se {dépasser}
47%
Aux voix {puissantes}
46%
J'ai tant {menti}
46%
Unies devant l'{ennemi}
46%
Et {chantent} encore
45%
Nous sommes les {guerrières}
45%
Je sais qu'on est {là}
43%
Oui briller face à la {nuit}
43%
Ensemble on peut se {dépasser}
40%
Aucun quiz correspondant
Distribution des résultats
% des personnes avec chaque résultat
Percentile par nombre de réponses
Votre historique - résultats
Vous n’avez pas pris ce quiz